000 00493nam a22001817a 4500
005 20250401103514.0
008 250401b |||||||| |||| 00| 0 eng d
020 _a9781787151703
041 _aeng
082 _a302.35 CUR
100 _aCurtis, Lori
245 _aIntroduction To Organizational Behaviour Volume 1
260 _aUK
_bKruger Brentt
_c2024
300 _a371;. pages: 25 cm
650 _aHuman Resource Management
700 _aHammond, Beverly and Natalie
942 _cBK
999 _c43488
_d43488